Nutrition and health in developing countries / (Record no. 122991)
[ view plain ]
| 000 -LEADER | |
|---|---|
| fixed length control field | 01187cam a2200313 a 4500 |
| 001 - CONTROL NUMBER | |
| control field | vtls003142714 |
| 003 - CONTROL NUMBER IDENTIFIER | |
| control field | MY-SjTCS |
| 005 - DATE AND TIME OF LATEST TRANSACTION | |
| control field | 20200226113847.0 |
| 008 - FIXED-LENGTH DATA ELEMENTS--GENERAL INFORMATION | |
| fixed length control field | 110218s2008 njua b 001 0 eng d |
| 020 ## - INTERNATIONAL STANDARD BOOK NUMBER | |
| International Standard Book Number | 193411524X (hbk.) |
| 020 ## - INTERNATIONAL STANDARD BOOK NUMBER | |
| International Standard Book Number | 9781934115244 (hbk.) |
| 039 #9 - LEVEL OF BIBLIOGRAPHIC CONTROL AND CODING DETAIL [OBSOLETE] | |
| Level of rules in bibliographic description | 201102181821 |
| Level of effort used to assign nonsubject heading access points | VLOAD |
| Level of effort used to assign subject headings | 201102181641 |
| Level of effort used to assign classification | VLOAD |
| Level of effort used to assign subject headings | 200909101400 |
| Level of effort used to assign classification | shuhada |
| Level of effort used to assign subject headings | 200909101355 |
| Level of effort used to assign classification | shuhada |
| -- | 200905211005 |
| -- | malathy |
| 043 ## - GEOGRAPHIC AREA CODE | |
| Geographic area code | d------ |
| 082 04 - DEWEY DECIMAL CLASSIFICATION NUMBER | |
| Classification number | 613.2091724 |
| Item number | NUT |
| 245 00 - TITLE STATEMENT | |
| Title | Nutrition and health in developing countries / |
| Statement of responsibility, etc. | editors, Richard D. Semba, Martin W. Bloem ; foreword by Peter Piot. |
| 250 ## - EDITION STATEMENT | |
| Edition statement | 2nd ed. |
| 260 ## - PUBLICATION, DISTRIBUTION, ETC. | |
| Place of publication, distribution, etc. | Totowa, NJ : : |
| Name of publisher, distributor, etc. | Humana Press, |
| Date of publication, distribution, etc. | c2008. |
| 300 ## - PHYSICAL DESCRIPTION | |
| Extent | xxiii, 931 p. : |
| Other physical details | ill. ; |
| Dimensions | 26 cm. |
| 490 1# - SERIES STATEMENT | |
| Series statement | Nutrition and health series |
| 504 ## - BIBLIOGRAPHY, ETC. NOTE | |
| Bibliography, etc. note | Includes bibliographical references and index. |
| 650 #0 - SUBJECT ADDED ENTRY--TOPICAL TERM | |
| Topical term or geographic name entry element | Malnutrition |
| Geographic subdivision | Developing countries. |
| 650 #0 - SUBJECT ADDED ENTRY--TOPICAL TERM | |
| Topical term or geographic name entry element | Nutrition |
| Geographic subdivision | Developing countries. |
| 9 (RLIN) | 35579 |
| 650 #0 - SUBJECT ADDED ENTRY--TOPICAL TERM | |
| Topical term or geographic name entry element | Public health |
| Geographic subdivision | Developing countries. |
| 9 (RLIN) | 27268 |
| 700 1# - ADDED ENTRY--PERSONAL NAME | |
| Personal name | Semba, Richard D. |
| 9 (RLIN) | 33863 |
| 700 1# - ADDED ENTRY--PERSONAL NAME | |
| Personal name | Bloem, Martin W. |
| 9 (RLIN) | 35565 |
| 700 1# - ADDED ENTRY--PERSONAL NAME | |
| Personal name | Piot, Peter, |
| Dates associated with a name | 1949- |
| 9 (RLIN) | 35581 |
| 830 #0 - SERIES ADDED ENTRY--UNIFORM TITLE | |
| Uniform title | Nutrition and health (Totowa, N.J.) |
| 9 (RLIN) | 35580 |
| 920 ## - Programme | |
| Programme | TCHT: 642628 |
| Withdrawn status | Lost status | Source of classification or shelving scheme | Damaged status | Not for loan | Home library | Current library | Date acquired | Cost, normal purchase price | Total Checkouts | Barcode | Date last seen | Date last checked out | Copy number | Uniform Resource Identifier | Cost, replacement price | Koha item type | Public note |
|---|---|---|---|---|---|---|---|---|---|---|---|---|---|---|---|---|---|
| Dewey Decimal Classification | Taylor's Library-TU | Taylor's Library-TU | 10/09/2009 | 602.06 | 5000048883 | 05/12/2019 | 27/01/2010 | 1 | Floor 4, Shelf 17 , Side 2, TierNo 2, BayNo 2 | 602.06 | Main Collection | SCAFS,70006,03,AD |